[Event "9. Lichtenberger Sommer"]
[Site "Berlin"]
[Date "2010.08.07"]
[Round "2.77"]
[White "Kapp, Frank"]
[Black "Stiemerling, Karl-Heinz"]
[Result "1-0"]
[WhiteElo "1881"]
[BlackElo "1725"]
[PlyCount "111"]
[EventDate "2010.??.??"]
[WhiteTeam "TSV IFA Chemnitz"]
[BlackTeam "SG Eckturm"]

1. d4 d5 2. c4 Nf6 3. Nc3 e6 4. e3 c6 5. Nf3 Nbd7 6. Bd3 Be7 7. O-O dxc4 8.
Bxc4 Nb6 9. Bb3 O-O 10. Re1 c5 11. a3 cxd4 12. exd4 Nbd5 13. Bg5 h6 14. Bh4
Nxc3 15. bxc3 Nd5 16. Bxe7 Nxe7 17. c4 Nc6 18. Qd3 Qf6 19. Bc2 g6 20. Qe3 Kg7
21. Rad1 Ne7 22. Ne5 Nf5 23. Bxf5 exf5 24. d5 f4 25. Qd2 Re8 26. Nd3 Rxe1+ 27.
Nxe1 Bd7 28. Qd4 b6 29. Qxf6+ Kxf6 30. Nd3 g5 31. Rc1 a5 32. Rb1 Ra6 33. c5
bxc5 34. Nxc5 Ra7 35. d6 Bf5 36. Rd1 Ra8 37. f3 Rd8 38. Nb7 Rd7 39. Nxa5 Ra7
40. Nc4 Be6 41. Nb6 Rxa3 42. d7 Bxd7 43. Nxd7+ Ke6 44. Nc5+ Ke5 45. Re1+ Kd4
46. Ne4 f5 47. Nd6 Ra5 48. Rd1+ Kc3 49. h3 Kc2 50. Rd2+ Kc3 51. Re2 h5 52. Kf2
g4 53. Nxf5 Rxf5 54. hxg4 hxg4 55. fxg4 Rf8 56. Kf3 1-0

[Event "9. Lichtenberger Sommer"]
[Site "Berlin"]
[Date "2010.08.07"]
[Round "2.78"]
[White "Berg, Gerd"]
[Black "Metin, Altug"]
[Result "0-1"]
[WhiteElo "1677"]
[BlackElo "1748"]
[PlyCount "76"]
[EventDate "2010.??.??"]
[WhiteTeam "SK König Tegel 1949 e.V."]
[BlackTeam "vereinslos"]

1. c4 Nf6 2. Nc3 g6 3. d4 Bg7 4. Nf3 O-O 5. e4 d6 6. Be2 Nbd7 7. Be3 Ng4 8. Qc2
Nxe3 9. fxe3 e5 10. Rd1 b6 11. dxe5 Nxe5 12. O-O Be6 13. Nd5 Ng4 14. Rd3 Nf6
15. Nxf6+ Bxf6 16. e5 Be7 17. Nd4 Bd7 18. Bf3 dxe5 19. Bxa8 exd4 20. Be4 dxe3
21. Qe2 Bc5 22. Bc6 Bg4 23. Bf3 Bxf3 24. Rxf3 Qxd3 25. Qxd3 e2+ 26. Kh1 e1=Q+
27. Rf1 Re8 28. Qf3 Re7 29. g3 Qe4 30. Kg2 Qxf3+ 31. Kxf3 Re3+ 32. Kg4 Re2 33.
h3 Rxb2 34. Rd1 Rc2 35. Rd7 Rxc4+ 36. Kg5 Kg7 37. g4 Bd6 38. Kh4 Ra4 0-1

[Event "9. Lichtenberger Sommer"]
[Site "Berlin"]
[Date "2010.08.07"]
[Round "2.79"]
[White "Casny, Guenter"]
[Black "Werninghaus, Klaus Peter"]
[Result "1-0"]
[WhiteElo "1889"]
[BlackElo "1636"]
[PlyCount "73"]
[EventDate "2010.??.??"]
[WhiteTeam "SC Rochade e.V."]
[BlackTeam "Dortmunder Schachverein 1875"]

1. e3 c6 2. d4 d5 3. Bd3 Nf6 4. Nf3 e6 5. Nbd2 Bd6 6. O-O O-O 7. Re1 Nbd7 8. e4
dxe4 9. Nxe4 Nxe4 10. Rxe4 Re8 11. Rh4 Nf8 12. c3 e5 13. Qc2 g6 14. dxe5 Bxe5
15. Re4 Bf5 16. Bg5 Qc7 17. Ree1 Bxd3 18. Qxd3 Re6 19. Rad1 Rd6 20. Qc2 Rxd1
21. Qxd1 Bd6 22. h3 Ne6 23. Bf6 Be7 24. Be5 Qd8 25. Qc2 Bf8 26. Rd1 Qb6 27. b3
Rd8 28. c4 Rxd1+ 29. Qxd1 Bg7 30. Bxg7 Kxg7 31. Qd7 Qc7 32. Qd2 Qd8 33. Qc3+
Kg8 34. Ne5 Qd4 35. Qe1 Ng5 36. Ng4 Ne4 37. Qxe4 1-0

[Event "9. Lichtenberger Sommer"]
[Site "Berlin"]
[Date "2010.08.07"]
[Round "2.80"]
[White "Stiewe, Frank"]
[Black "Perestjuk, Marko"]
[Result "0-1"]
[WhiteElo "1379"]
[BlackElo "1918"]
[PlyCount "66"]
[EventDate "2010.??.??"]
[WhiteTeam "vereinslos"]
[BlackTeam "SC Zitadelle Spandau 1977 e.V."]

1. e4 c5 2. Nf3 d6 3. d4 cxd4 4. Nxd4 Nf6 5. Nc3 g6 6. Bb5+ Bd7 7. Bxd7+ Qxd7
8. f3 Bg7 9. Be3 O-O 10. Qd2 Rc8 11. Nce2 a6 12. c3 Qc7 13. Nc2 Nbd7 14. Nf4
Ne5 15. Na3 b5 16. Kf2 Neg4+ 17. Ke2 Nxe3 18. Qxe3 Qb7 19. Nd3 a5 20. Rhc1 Nd7
21. Qd2 d5 22. exd5 Qxd5 23. Rc2 Qh5 24. h3 Bh6 25. Qd1 Rd8 26. Qg1 Ra6 27. Rd1
Re6+ 28. Kf1 Ne5 29. Nf2 Rxd1+ 30. Nxd1 Qf5 31. Qc5 Qd3+ 32. Re2 Qxd1+ 33. Kf2
Nd3+ 0-1

[Event "9. Lichtenberger Sommer"]
[Site "Berlin"]
[Date "2010.08.07"]
[Round "2.81"]
[White "Roth, Joachim"]
[Black "Brylski, Nils"]
[Result "1-0"]
[WhiteElo "1895"]
[BlackElo "1396"]
[PlyCount "51"]
[EventDate "2010.??.??"]
[WhiteTeam "SG Bund"]
[BlackTeam "Peiner SV"]

1. f4 d5 2. Nf3 Nf6 3. c3 c5 4. d3 Bg4 5. Ne5 e6 6. g3 Bd6 7. Nxg4 Nxg4 8. Bg2
O-O 9. e4 Nh6 10. O-O Nc6 11. f5 dxe4 12. dxe4 Be7 13. Qh5 Bf6 14. g4 Nxg4 15.
Qxg4 Ne5 16. Qe2 Qb6 17. Na3 Rad8 18. Be3 Qd6 19. Rad1 Qc7 20. Bf4 h6 21. Nc4
b5 22. Ne3 c4 23. Ng4 Qc5+ 24. Be3 Qe7 25. Nxf6+ Qxf6 26. Bd4 1-0

[Event "9. Lichtenberger Sommer"]
[Site "Berlin"]
[Date "2010.08.07"]
[Round "2.82"]
[White "Wierzbicki, Jirawat"]
[Black "Lieder, Günter"]
[Result "0-1"]
[WhiteElo "1419"]
[BlackElo "1868"]
[PlyCount "68"]
[EventDate "2010.??.??"]
[WhiteTeam "SG Grün-Weiß Baumschulenweg e.V."]
[BlackTeam "SK Turm Bad Hersfeld"]

1. e4 c5 2. Nf3 Nc6 3. d4 cxd4 4. Nxd4 d6 5. Nc3 e6 6. Be2 Be7 7. O-O Nf6 8.
Be3 O-O 9. Bf3 Ne5 10. Qe2 a6 11. a4 Qc7 12. Rfd1 Bd7 13. h3 Rac8 14. Nb3 Nc4
15. Bc1 Ne5 16. Bf4 Nc4 17. Rab1 Nxb2 18. Rxb2 Qxc3 19. Ra2 e5 20. Bd2 Qc4 21.
Qxc4 Rxc4 22. a5 Rfc8 23. Rc1 Be6 24. Bd1 Nxe4 25. Be1 R4c7 26. c3 Bg5 27. Rb1
Nxc3 28. Bxc3 Rxc3 29. Rab2 Bf5 30. Ra1 g6 31. Kh2 Bc2 32. Bxc2 Rxc2 33. Rxc2
Rxc2 34. Rf1 Rb2 0-1

[Event "9. Lichtenberger Sommer"]
[Site "Berlin"]
[Date "2010.08.07"]
[Round "2.83"]
[White "Fuchs, Jörg"]
[Black "Bensch, Wolfgang"]
[Result "1-0"]
[WhiteElo "1873"]
[BlackElo "1694"]
[PlyCount "45"]
[EventDate "2010.??.??"]
[WhiteTeam "SC Kreuzberg e.V."]
[BlackTeam "SC Eintracht Berlin e.V."]

1. e4 e6 2. d4 d5 3. exd5 exd5 4. Nf3 c6 5. Bd3 Nf6 6. O-O Be7 7. Re1 O-O 8. h3
Bd6 9. Bg5 Nbd7 10. Nbd2 h6 11. Bh4 Qc7 12. Nf1 b5 13. a4 bxa4 14. Rxa4 a5 15.
c4 Bb4 16. Re2 Nb6 17. Ra1 Nh5 18. c5 Nd7 19. Re7 Qb8 20. Rxd7 g5 21. Rd6 gxh4
22. Qc1 Kg7 23. Qxh6+ 1-0

[Event "9. Lichtenberger Sommer"]
[Site "Berlin"]
[Date "2010.08.07"]
[Round "2.84"]
[White "Schmitt, Jens-Ole"]
[Black "Sivakumaran, Ramesh"]
[Result "0-1"]
[WhiteElo "1339"]
[BlackElo "1719"]
[PlyCount "110"]
[EventDate "2010.??.??"]
[WhiteTeam "vereinslos"]
[BlackTeam "SV Empor Berlin e.V."]

1. e4 c5 2. Nf3 d6 3. d4 cxd4 4. Nxd4 Nf6 5. Nc3 a6 6. Bg5 e6 7. Be2 Nbd7 8.
O-O Qc7 9. Kh1 b5 10. a3 Bb7 11. Re1 Rc8 12. f4 Nxe4 13. Nxe4 Bxe4 14. Bxb5
Bxg2+ 15. Kxg2 axb5 16. c3 g6 17. Qb3 Qc5 18. Qxb5 Qxb5 19. Nxb5 h6 20. Bh4 g5
21. fxg5 Rc5 22. Nd4 Be7 23. Bg3 Rxg5 24. Kh1 Rhg8 25. Rg1 Nf6 26. Bh4 Rg4 27.
Bxf6 Bxf6 28. a4 Kd7 29. a5 Kc7 30. Nb5+ Kc6 31. Rxg4 Rxg4 32. Nd4+ Bxd4 33.
cxd4 Rg8 34. b4 Kb5 35. Rg1 Ra8 36. Rb1 Kc4 37. Kg2 Kxd4 38. Kf2 d5 39. Rc1 e5
40. Rc7 Rb8 41. a6 Rxb4 42. Rb7 Ra4 43. a7 Ra2+ 44. Ke1 f5 45. Rb4+ Kc5 46. Rb7
f4 47. Rc7+ Kd4 48. h4 e4 49. Kd1 f3 50. Rc2 Ra1+ 51. Rc1 Rxa7 52. Ke1 e3 53.
Rd1+ Ke4 54. h5 f2+ 55. Kf1 Kf3 0-1

[Event "9. Lichtenberger Sommer"]
[Site "Berlin"]
[Date "2010.08.07"]
[Round "2.85"]
[White "Popp, Maximilian"]
[Black "Kornijenko, Alexander"]
[Result "1-0"]
[WhiteElo "1705"]
[BlackElo "1366"]
[PlyCount "25"]
[EventDate "2010.??.??"]
[WhiteTeam "Spvgg 1946 e.V. Stetten"]
[BlackTeam "vereinslos"]

1. e4 e5 2. Bc4 Nc6 3. Nf3 Nf6 4. O-O Bc5 5. c3 d5 6. exd5 Nxd5 7. Re1 O-O 8.
b4 Bb6 9. b5 Na5 10. Bxd5 Qxd5 11. Rxe5 Qd6 12. Ba3 c5 13. bxc6 1-0

[Event "9. Lichtenberger Sommer"]
[Site "Berlin"]
[Date "2010.08.07"]
[Round "2.86"]
[White "Jiranek, Benno"]
[Black "Herrmann, Eberhard"]
[Result "0-1"]
[WhiteElo "1399"]
[BlackElo "1818"]
[PlyCount "64"]
[EventDate "2010.??.??"]
[WhiteTeam "SC Kreuzberg e.V."]
[BlackTeam "SC Friesen Lichtenberg e.V."]

1. d4 d5 2. c4 e6 3. Nc3 Nf6 4. cxd5 Nxd5 5. e4 Nf6 6. Nf3 a6 7. a4 h6 8. h3
Bb4 9. Qc2 Nbd7 10. Be3 b6 11. Nd2 Bb7 12. g3 Rc8 13. Bg2 c5 14. O-O cxd4 15.
Bxd4 e5 16. Be3 Nc5 17. Bxc5 Bxc5 18. Rad1 Qc7 19. Nb3 Bb4 20. Rc1 O-O 21. Rfe1
Rfd8 22. Qb1 Qc4 23. Na1 Qe6 24. Kh2 Rd2 25. Kg1 Bc5 26. Nd1 Rcd8 27. Rc2 R2d3
28. Nc3 Rxg3 29. Kf1 Rgd3 30. b4 Bd4 31. Rd1 Bxc3 32. Rxc3 Rxd1+ 0-1

[Event "9. Lichtenberger Sommer"]
[Site "Berlin"]
[Date "2010.08.07"]
[Round "2.87"]
[White "Lachmann, Daniel"]
[Black "Paris, Gerhard"]
[Result "1-0"]
[WhiteElo "1756"]
[BlackElo "1654"]
[PlyCount "129"]
[EventDate "2010.??.??"]
[WhiteTeam "SV Empor Berlin e.V."]
[BlackTeam "TSG Oberschöneweide e.V."]

1. e4 e5 2. Nf3 d6 3. Bc4 c6 4. Nc3 Nf6 5. d4 Qc7 6. dxe5 dxe5 7. Ng5 Bg4 8. f3
Bh5 9. g4 Bg6 10. Be3 h6 11. Nh3 Bb4 12. Bd2 Nbd7 13. Qe2 a5 14. a3 Bd6 15. Rd1
b5 16. Bxb5 Rb8 17. Bc4 Rxb2 18. Bb3 Nc5 19. Bc1 Rxb3 20. cxb3 Nxb3 21. Qd3 Nd4
22. O-O Qa7 23. Be3 Bxa3 24. Bxd4 exd4 25. Na4 Bb4 26. Qxd4 Qxd4+ 27. Rxd4 Ke7
28. Rfd1 c5 29. Rc4 Rc8 30. Nf4 Bh7 31. Nd5+ Nxd5 32. Rxd5 f6 33. Rd1 Bg8 34.
Nb6 Bxc4 35. Nxc8+ Ke6 36. Kf2 Bb3 37. Rd6+ Kf7 38. Rd7+ Kg6 39. Ne7+ Kf7 40.
Nc6+ Ke8 41. Rxg7 c4 42. Nxb4 axb4 43. Ke2 c3 44. Rb7 Bc4+ 45. Kd1 b3 46. Kc1
Kd8 47. Rb4 Be6 48. Rd4+ Kc7 49. Rd3 c2 50. f4 Kc6 51. e5 fxe5 52. fxe5 Kc5 53.
Rd6 Bxg4 54. Rxh6 Kd5 55. Rg6 Be6 56. Rg5 Ke4 57. h4 Kf4 58. Rh5 Bf5 59. Rh6
Kxe5 60. Rb6 Kd4 61. Rxb3 Kc4 62. Rg3 Kd4 63. h5 Ke5 64. h6 Kf6 65. Rf3 1-0

[Event "9. Lichtenberger Sommer"]
[Site "Berlin"]
[Date "2010.08.07"]
[Round "2.88"]
[White "Kießling, Beate"]
[Black "Laurin, Dirk"]
[Result "0-1"]
[WhiteElo "1699"]
[BlackElo "1339"]
[PlyCount "66"]
[EventDate "2010.??.??"]
[WhiteTeam "Queer-Springer SSV Berlin"]
[BlackTeam "SG Narva Berlin e.V."]

1. c4 e5 2. g3 Nf6 3. Bg2 Bc5 4. Nf3 d6 5. O-O Bd7 6. Nxe5 dxe5 7. Bxb7 Bc6 8.
Bxa8 Bxa8 9. d3 Qd7 10. e4 O-O 11. Qe2 Nc6 12. Kg2 Nd4 13. Qd2 Qd6 14. Nc3 Bc6
15. Rb1 Bd7 16. h3 Nh5 17. Nd5 c6 18. Qd1 cxd5 19. Qxh5 dxe4 20. dxe4 f5 21. a3
Be8 22. Qd1 Qg6 23. b4 Be7 24. Bb2 f4 25. Re1 fxg3 26. fxg3 Bh4 27. Re3 Bc6 28.
Qg4 Bg5 29. Ree1 h5 30. Qd1 Bxe4+ 31. Rxe4 Qxe4+ 32. Kh2 Rf2+ 33. Kg1 Qg2# 0-1

[Event "9. Lichtenberger Sommer"]
[Site "Berlin"]
[Date "2010.08.07"]
[Round "2.89"]
[White "Reichert, Lutz"]
[Black "Boeck, Rüdiger"]
[Result "1/2-1/2"]
[WhiteElo "1778"]
[BlackElo "1779"]
[PlyCount "87"]
[EventDate "2010.??.??"]
[WhiteTeam "Schwarz-Weiß Neukölln e.V."]
[BlackTeam "SC Weisse Dame Ulm e.V."]

1. g3 d5 2. Bg2 e5 3. d3 Nf6 4. Nd2 Bc5 5. e3 Bg4 6. Ne2 c6 7. O-O O-O 8. c4
dxc4 9. Nxc4 Qe7 10. h3 Bh5 11. Qc2 Na6 12. a3 Rfd8 13. b4 Bd6 14. Nxd6 Rxd6
15. d4 Bxe2 16. Qxe2 exd4 17. Rd1 dxe3 18. Bxe3 Nc7 19. Rxd6 Qxd6 20. Bc5 Qd7
21. Rd1 Ncd5 22. Qb2 Qf5 23. Re1 Nd7 24. Qe2 N5f6 25. Bd4 a5 26. bxa5 Qxa5 27.
Bxf6 Nxf6 28. Qe7 h6 29. Rb1 Re8 30. Qxb7 c5 31. a4 c4 32. Qb5 Re1+ 33. Rxe1
Qxe1+ 34. Kh2 c3 35. Qb4 Qe5 36. Qc4 g5 37. f4 gxf4 38. gxf4 Qe3 39. a5 Qd2 40.
a6 c2 41. a7 c1=Q 42. a8=Q+ Kg7 43. Qxc1 Qxc1 44. Qf3 1/2-1/2

[Event "9. Lichtenberger Sommer"]
[Site "Berlin"]
[Date "2010.08.07"]
[Round "2.90"]
[White "Peters, Henning"]
[Black "Pillath, Marcus"]
[Result "1-0"]
[WhiteElo "1740"]
[BlackElo "1728"]
[PlyCount "61"]
[EventDate "2010.??.??"]
[WhiteTeam "SV Bad Schwartau von 1930"]
[BlackTeam "SGem Vaihingen-Rohr"]

1. e4 c6 2. d4 d5 3. Nc3 dxe4 4. Nxe4 Bf5 5. Ng3 Bg6 6. h4 h6 7. h5 Bh7 8. Nf3
Nf6 9. Bd3 Bxd3 10. Qxd3 e6 11. Bd2 Bd6 12. Nf1 O-O 13. Ne3 c5 14. Rh4 Nc6 15.
Nc4 Qc7 16. Nxd6 Qxd6 17. O-O-O cxd4 18. Nxd4 Nxd4 19. Rxd4 Qc7 20. Rc4 Qh2 21.
Qf3 Qxh5 22. Qxb7 Nd5 23. Qb3 Rfb8 24. Qg3 Kh8 25. Re1 Rc8 26. Rh4 Qf5 27. c3
Nb4 28. Rxb4 a5 29. Rh4 Qh7 30. Reh1 a4 31. Bxh6 1-0

[Event "9. Lichtenberger Sommer"]
[Site "Berlin"]
[Date "2010.08.07"]
[Round "2.91"]
[White "Kaufmann, Mathias"]
[Black "Kohlmeyer, Dagobert"]
[Result "1/2-1/2"]
[WhiteElo "1569"]
[BlackElo "1888"]
[PlyCount "45"]
[EventDate "2010.??.??"]
[WhiteTeam "vereinslos"]
[BlackTeam "SC Rochade e.V."]

1. c4 Nf6 2. d4 g6 3. Nf3 Bg7 4. Nc3 d5 5. cxd5 Nxd5 6. Nxd5 Qxd5 7. e3 O-O 8.
Qc2 c6 9. Bc4 Qh5 10. O-O Nd7 11. Bd2 Nf6 12. Bb4 Re8 13. Be2 Bf5 14. Bd3 Bxd3
15. Qxd3 Nd5 16. Ba3 Rad8 17. Qb3 Rd7 18. Rac1 Rc7 19. Rc5 b6 20. Rc2 Bf8 21.
Ne5 e6 22. Bxf8 Kxf8 23. Rxc6 1/2-1/2

[Event "9. Lichtenberger Sommer"]
[Site "Berlin"]
[Date "2010.08.07"]
[Round "2.92"]
[White "Alvarez, Luis"]
[Black "Kammler, Hans-Joachim"]
[Result "1-0"]
[WhiteElo "1879"]
[BlackElo "1292"]
[PlyCount "39"]
[EventDate "2010.??.??"]
[WhiteTeam "Schachclub Zug um Zug Everswinke"]
[BlackTeam "SG Eckturm"]

1. e4 e6 2. d4 d5 3. e5 c5 4. c3 cxd4 5. cxd4 Ne7 6. Nc3 Nf5 7. Bd3 Nxd4 8. Be3
Ndc6 9. Bf4 Bb4 10. a3 Ba5 11. b4 Bc7 12. Nf3 O-O 13. Nb5 a6 14. Nxc7 Qxc7 15.
Rc1 b5 16. O-O Bb7 17. Bxh7+ Kh8 18. Ng5 f6 19. Bg6 Kg8 20. Qh5 1-0

[Event "9. Lichtenberger Sommer"]
[Site "Berlin"]
[Date "2010.08.07"]
[Round "2.93"]
[White "Schacht, Thomas"]
[Black "Lange, Rudolf"]
[Result "0-1"]
[WhiteElo "1699"]
[BlackElo "1790"]
[PlyCount "80"]
[EventDate "2010.??.??"]
[WhiteTeam "BSV 63 Chemie Weißensee"]
[BlackTeam "SG Narva Berlin e.V."]

1. e4 c5 2. Nf3 Nc6 3. d4 cxd4 4. Nxd4 g6 5. Nc3 Bg7 6. Nf3 Nf6 7. Bc4 O-O 8.
O-O d6 9. a3 Bd7 10. Bg5 h6 11. Bxf6 Bxf6 12. Qd2 Bg7 13. Nh4 Ne5 14. Ba2 e6
15. Nf3 Nxf3+ 16. gxf3 Qb6 17. b4 Rac8 18. Ne2 Bxa1 19. Rxa1 Ba4 20. Qxh6 d5
21. Nf4 Rxc2 22. Rf1 Qd4 23. Bb1 Rb2 24. Nh3 Qg7 25. Qe3 b6 26. exd5 exd5 27.
Nf4 Rb3 28. Qe7 Rxf3 29. Nxd5 Bc6 30. Ne3 Qf6 31. Qxf6 Rxf6 32. Ba2 Rd8 33. Ng4
Rf4 34. Ne3 Rd2 35. h3 Rxa2 36. Ng4 Rxa3 37. Rc1 Rxh3 38. Nh2 Rg4+ 39. Kf1 Bb5+
40. Ke1 Rxh2 0-1

[Event "9. Lichtenberger Sommer"]
[Site "Berlin"]
[Date "2010.08.07"]
[Round "2.94"]
[White "Würsig, Mathias"]
[Black "Petersen, Moritz"]
[Result "1/2-1/2"]
[WhiteElo "1868"]
[BlackElo "1287"]
[PlyCount "58"]
[EventDate "2010.??.??"]
[WhiteTeam "SV Blau-Gelb 1899 Hosena e.V."]
[BlackTeam "KSC Strausberg Abt. Schach"]

1. e4 e6 2. Nf3 d5 3. exd5 exd5 4. d4 Bd6 5. Nc3 Nf6 6. Be2 O-O 7. Bg5 c6 8.
O-O h6 9. Be3 Bf5 10. Qd2 Ne4 11. Nxe4 dxe4 12. Ne5 Bxe5 13. dxe5 Qxd2 14. Bxd2
Nd7 15. f3 exf3 16. Bxf3 Bxc2 17. Bc3 Rfe8 18. Rf2 Bg6 19. Re1 Nc5 20. Re3 Rad8
21. h3 Nd3 22. Rf1 Nc5 23. Bb4 Ne6 24. Bd6 Ng5 25. Rb3 Nxf3+ 26. gxf3 b6 27. f4
Bf5 28. Ra3 Rd7 29. h4 c5 1/2-1/2

[Event "9. Lichtenberger Sommer"]
[Site "Berlin"]
[Date "2010.08.07"]
[Round "2.95"]
[White "Trotzke, Johannes"]
[Black "Ziems, Michael"]
[Result "0-1"]
[WhiteElo "1234"]
[BlackElo "1798"]
[PlyCount "88"]
[EventDate "2010.??.??"]
[WhiteTeam "KSC Strausberg Abt. Schach"]
[BlackTeam "SV Empor Berlin e.V."]

1. e4 e6 2. d4 d5 3. exd5 exd5 4. Bd3 Nf6 5. Nf3 Be7 6. O-O O-O 7. Re1 Bg4 8.
Bg5 Nbd7 9. Nbd2 c5 10. c3 cxd4 11. cxd4 Bb4 12. Re3 Re8 13. Qc2 Qb6 14. Bf5
Bxf5 15. Qxf5 Bxd2 16. Rxe8+ Rxe8 17. Bxd2 Qxb2 18. Re1 Rxe1+ 19. Bxe1 Qxa2 20.
Qf4 Qe2 21. Qc1 Qc4 22. Qb1 b5 23. Qa1 Qc7 24. Qb1 a6 25. Qa2 Qb7 26. Qa5 Qb6
27. Qc3 h6 28. Qb4 Qc6 29. Qa3 Ne4 30. Qb3 Nd6 31. h3 Nc4 32. Qc3 Ndb6 33. Qb4
a5 34. Qb3 a4 35. Qb4 a3 36. Bc3 Na4 37. Ba1 Nab2 38. Ne1 Qe8 39. Nc2 Nd3 40.
Qb1 Qe2 41. Bc3 Qxf2+ 42. Kh1 Ncb2 43. Bxb2 axb2 44. Na3 Ne1 0-1

[Event "9. Lichtenberger Sommer"]
[Site "Berlin"]
[Date "2010.08.07"]
[Round "2.96"]
[White "Rüther, Marc"]
[Black "Scheck, Gero"]
[Result "1-0"]
[WhiteElo "1749"]
[BlackElo "1267"]
[PlyCount "63"]
[EventDate "2010.??.??"]
[WhiteTeam "Queer-Springer SSV Berlin"]
[BlackTeam "TSG Oberschöneweide e.V."]

1. e4 e5 2. Nf3 Nf6 3. d4 d6 4. dxe5 dxe5 5. Qxd8+ Kxd8 6. Nxe5 Be6 7. Bd3 Nbd7
8. Nxd7 Bxd7 9. O-O Bc5 10. Bg5 Be7 11. Nd2 Re8 12. Rad1 Kc8 13. h3 Bc6 14.
Rfe1 b6 15. Nc4 Kb7 16. c3 Rad8 17. Ne5 Nxe4 18. Nxc6 Rxd3 19. Rxd3 Bxg5 20.
Nd4 c5 21. Nf3 Bh6 22. Rd7+ Kc6 23. Rxf7 Kd5 24. g4 a5 25. g5 Nxg5 26. Rf5+ Kc6
27. Rxe8 Nxf3+ 28. Rxf3 Bc1 29. b3 Kb5 30. a4+ Ka6 31. Rf7 b5 32. Re6# 1-0

[Event "9. Lichtenberger Sommer"]
[Site "Berlin"]
[Date "2010.08.07"]
[Round "2.97"]
[White "Opitz, Stefanie"]
[Black "Bandsom, Olaf"]
[Result "0-1"]
[WhiteElo "1156"]
[BlackElo "1779"]
[PlyCount "56"]
[EventDate "2010.??.??"]
[WhiteTeam "TSG Oberschöneweide e.V."]
[BlackTeam "SC Friesen Lichtenberg e.V."]

1. e4 e5 2. Nf3 Nc6 3. Bc4 Bc5 4. O-O Nf6 5. Nc3 O-O 6. d3 h6 7. Re1 d6 8. Nd5
Bg4 9. c3 a6 10. b4 Ba7 11. Bb2 b5 12. Nxf6+ Qxf6 13. Bd5 Bd7 14. Rc1 Rab8 15.
d4 Ne7 16. Bb3 Bg4 17. Qd3 Ng6 18. Nd2 Nf4 19. Qf1 exd4 20. g3 Bh3 21. e5 dxe5
22. Ne4 Qg6 23. Nc5 Bxf1 24. Nd7 Bc4 25. Nxf8 Rxf8 26. Bc2 Bd3 27. Kh1 Bxc2 28.
gxf4 Be4+ 0-1

[Event "9. Lichtenberger Sommer"]
[Site "Berlin"]
[Date "2010.08.07"]
[Round "2.98"]
[White "Schlittermann, Wolfgang"]
[Black "Heyne, Klaus"]
[Result "1-0"]
[WhiteElo "1683"]
[BlackElo "1479"]
[PlyCount "75"]
[EventDate "2010.??.??"]
[WhiteTeam "SK Gilette"]
[BlackTeam "SV Berolina Mitte e.V."]

1. b3 e5 2. Bb2 d6 3. e3 Nc6 4. Bb5 Bd7 5. Ne2 a6 6. Bc4 b5 7. Bd5 Nf6 8. c4
Nxd5 9. cxd5 Ne7 10. e4 c6 11. dxc6 Nxc6 12. a3 Be7 13. O-O O-O 14. Nbc3 Be6
15. f4 Bg4 16. h3 Bxe2 17. Nxe2 exf4 18. Nxf4 Bf6 19. Bxf6 Qxf6 20. Ne2 Qd8 21.
d4 Re8 22. Rc1 Rc8 23. Ng3 Qb6 24. Nf5 Nxd4 25. Qxd4 Qxd4+ 26. Nxd4 h6 27. Nf5
Rxc1 28. Rxc1 Rxe4 29. Nxd6 Re3 30. Rc6 Rxb3 31. Rxa6 Rb1+ 32. Kh2 f6 33. Rb6
Ra1 34. Nxb5 Ra2 35. Ra6 f5 36. Nc3 Rc2 37. Nd5 Rd2 38. Ne7+ 1-0

[Event "9. Lichtenberger Sommer"]
[Site "Berlin"]
[Date "2010.08.07"]
[Round "2.99"]
[White "Nopp, Josef"]
[Black "Stark, Steven"]
[Result "0-1"]
[WhiteElo "1775"]
[BlackElo "1621"]
[PlyCount "48"]
[EventDate "2010.??.??"]
[WhiteTeam "SV Urfahr"]
[BlackTeam "VfB Hermsdorf e.V."]

1. d4 d5 2. Nf3 Nc6 3. e3 Bg4 4. c3 Nf6 5. h3 Bxf3 6. Qxf3 e5 7. Bb5 e4 8.
Bxc6+ bxc6 9. Qe2 a6 10. O-O Bd6 11. Nd2 h5 12. c4 Qd7 13. Nb3 g5 14. c5 Be7
15. f4 Qf5 16. Bd2 g4 17. h4 g3 18. Be1 Kd7 19. Bxg3 Ng4 20. Rac1 a5 21. a4
Rhg8 22. Rc2 Nf6 23. Qe1 Rg6 24. Kh2 Rag8 0-1

[Event "9. Lichtenberger Sommer"]
[Site "Berlin"]
[Date "2010.08.07"]
[Round "2.100"]
[White "Meinicke, Kurt"]
[Black "Schönemann, Manfred"]
[Result "0-1"]
[WhiteElo "1120"]
[BlackElo "1811"]
[PlyCount "52"]
[EventDate "2010.??.??"]
[WhiteTeam "vereinslos"]
[BlackTeam "SV Turbine Berlin e.V."]

1. d4 Nf6 2. c4 e6 3. Nf3 c5 4. Bg5 cxd4 5. Nxd4 Nc6 6. e3 Qa5+ 7. Nc3 Qxg5 8.
Nf3 Qa5 9. Bd3 Bb4 10. Qc2 Bxc3+ 11. bxc3 Ne5 12. Nxe5 Qxe5 13. O-O-O O-O 14.
g4 h6 15. Rdg1 b5 16. g5 hxg5 17. h4 Bb7 18. hxg5 Ne4 19. Rh4 f5 20. g6 Rf6 21.
f3 Nxc3 22. Rgh1 Rxg6 23. Rd4 Qxe3+ 24. Kb2 Na4+ 25. Ka3 Qxd4 26. Qh2 Qxd3+ 0-1

[Event "9. Lichtenberger Sommer"]
[Site "Berlin"]
[Date "2010.08.07"]
[Round "2.101"]
[White "Mohr, Horst"]
[Black "Blasig, Thomas"]
[Result "1-0"]
[WhiteElo "1798"]
[BlackElo "1109"]
[PlyCount "69"]
[EventDate "2010.??.??"]
[WhiteTeam "SC Caissa Falkensee e.V."]
[BlackTeam "SC Kreuzberg e.V."]

1. d4 Nf6 2. Nf3 g6 3. c4 Bg7 4. Nc3 O-O 5. Bg5 d6 6. e3 Nbd7 7. Be2 c5 8. O-O
h6 9. Bh4 g5 10. Bg3 Nh5 11. Qc2 Ndf6 12. Rad1 Nxg3 13. hxg3 b6 14. a3 Bb7 15.
d5 Ng4 16. Nh2 Nxh2 17. Kxh2 Bc8 18. Rh1 Bd7 19. Kg1 Qc8 20. Bd3 f5 21. Qe2
Bxc3 22. bxc3 Rf6 23. e4 e5 24. dxe6 Bxe6 25. e5 dxe5 26. Qxe5 Kf7 27. Be2 g4
28. Qf4 Kg6 29. Rxh6+ Kf7 30. Rh7+ Kg8 31. Rc7 Qf8 32. Qg5+ Kh8 33. f3 Re8 34.
Kf2 Bg8 35. Rh1+ 1-0

[Event "9. Lichtenberger Sommer"]
[Site "Berlin"]
[Date "2010.08.07"]
[Round "2.102"]
[White "Hesselbarth, Karlheinz"]
[Black "Lippianowski, Stefan"]
[Result "1-0"]
[WhiteElo "1848"]
[BlackElo "1301"]
[PlyCount "57"]
[EventDate "2010.??.??"]
[WhiteTeam "SC Zugzwang 95 e.V."]
[BlackTeam "Treptower SV 1949 e.V."]

1. e4 e5 2. Nf3 Nc6 3. Bc4 Nf6 4. Ng5 d5 5. exd5 Ne4 6. Nxe4 Bf5 7. Ng3 Nd4 8.
d3 b5 9. Nxf5 bxc4 10. Nxd4 exd4 11. dxc4 Qe7+ 12. Qe2 Qxe2+ 13. Kxe2 Bc5 14.
Bf4 O-O 15. Nd2 Rfe8+ 16. Kd3 Bb6 17. Rhe1 c5 18. dxc6 Rxe1 19. Rxe1 f6 20. Nb3
Rc8 21. c5 g5 22. Bd6 Bc7 23. Nxd4 Ba5 24. c3 Kf7 25. Re7+ Kg6 26. b4 Bd8 27.
Re8 Kf7 28. Rf8+ Kg6 29. c7 1-0

[Event "9. Lichtenberger Sommer"]
[Site "Berlin"]
[Date "2010.08.09"]
[Round "3.1"]
[White "Braun, Arik"]
[Black "Förster, Jonas"]
[Result "1-0"]
[WhiteElo "2527"]
[BlackElo "2204"]
[PlyCount "87"]
[EventDate "2010.??.??"]
[WhiteTeam "SC Eppingen"]
[BlackTeam "SSC Rostock 07"]

1. d4 Nf6 2. c4 g6 3. Nf3 Bg7 4. Nc3 d5 5. cxd5 Nxd5 6. e4 Nxc3 7. bxc3 c5 8.
Rb1 O-O 9. Be2 b6 10. O-O Bb7 11. d5 Bxc3 12. Bc4 Nd7 13. Qd3 Bg7 14. Bf4 Nf6
15. Rfe1 Nh5 16. Bg5 h6 17. Be3 e6 18. Bxc5 exd5 19. Bxf8 dxc4 20. Qxd8 Rxd8
21. Bxg7 Kxg7 22. Ne5 c3 23. Rbc1 Nf4 24. g3 Nh3+ 25. Kg2 Ng5 26. Rxc3 Bxe4+
27. Kf1 Bd5 28. a3 Ne6 29. Rd1 Nc5 30. Kg1 f6 31. Nc6 Rd7 32. Nxa7 Kf7 33. Nc8
Na4 34. Rcd3 Ke6 35. Rd4 b5 36. Re1+ Kf7 37. f3 g5 38. Re3 Rd8 39. Re7+ Kf8 40.
Rc7 Ke8 41. Rd2 h5 42. Kf2 Kf8 43. Ne7 Nb6 44. Nxd5 1-0